<?xml version="1.0" encoding="UTF-8"?>
<record
    xmlns:xsi="http://www.w3.org/2001/XMLSchema-instance"
    xsi:schemaLocation="http://www.loc.gov/MARC21/slim http://www.loc.gov/standards/marcxml/schema/MARC21slim.xsd"
    xmlns="http://www.loc.gov/MARC21/slim">

  <leader>00611nam a22001577a 4500</leader>
  <controlfield tag="008">230324b        |||||||| |||| 00| 0 eng d</controlfield>
  <datafield tag="020" ind1=" " ind2=" ">
    <subfield code="a">0444877037</subfield>
  </datafield>
  <datafield tag="040" ind1=" " ind2=" ">
    <subfield code="a">National Science Library</subfield>
    <subfield code="c">National Science Library</subfield>
  </datafield>
  <datafield tag="080" ind1=" " ind2=" ">
    <subfield code="a">D 681.3:5/6(082.2)</subfield>
    <subfield code="b">M5</subfield>
  </datafield>
  <datafield tag="245" ind1=" " ind2=" ">
    <subfield code="a">Role of data in scientific progress</subfield>
    <subfield code="c">/ Proceedings of the Ninth International CODATA Conference, Jerusalem, Israel, 24-28 June 1984, Israel Academy of Sciences and Humanities</subfield>
  </datafield>
  <datafield tag="260" ind1=" " ind2=" ">
    <subfield code="a">New York: </subfield>
    <subfield code="b">North-Holland, </subfield>
    <subfield code="c">1985</subfield>
  </datafield>
  <datafield tag="300" ind1=" " ind2=" ">
    <subfield code="a">xvi, 549p.</subfield>
  </datafield>
  <datafield tag="650" ind1=" " ind2=" ">
    <subfield code="a">Information services</subfield>
  </datafield>
  <datafield tag="700" ind1=" " ind2=" ">
    <subfield code="a">Glaeser, Phyllis S (Ed.)</subfield>
  </datafield>
  <datafield tag="942" ind1=" " ind2=" ">
    <subfield code="2">udc</subfield>
    <subfield code="c">PR</subfield>
  </datafield>
  <datafield tag="999" ind1=" " ind2=" ">
    <subfield code="c">14545</subfield>
    <subfield code="d">14545</subfield>
  </datafield>
  <datafield tag="952" ind1=" " ind2=" ">
    <subfield code="0">0</subfield>
    <subfield code="1">0</subfield>
    <subfield code="2">udc</subfield>
    <subfield code="4">0</subfield>
    <subfield code="6">D_6813560822_M5</subfield>
    <subfield code="7">0</subfield>
    <subfield code="9">21603</subfield>
    <subfield code="a">NSL</subfield>
    <subfield code="b">NSL</subfield>
    <subfield code="c">GF/Rk-4/C-5/R-3</subfield>
    <subfield code="d">1985-11-28</subfield>
    <subfield code="l">0</subfield>
    <subfield code="o">D 681.3:5/6(082.2) M5</subfield>
    <subfield code="p">167126</subfield>
    <subfield code="r">2023-03-24 00:00:00</subfield>
    <subfield code="w">1985-11-28</subfield>
    <subfield code="y">PR</subfield>
  </datafield>
</record>
